| 000 | 00688cam a2200253 4500 | ||
|---|---|---|---|
| 999 |
_c10116 _d10116 |
||
| 001 | 1235145 | ||
| 003 | OSt | ||
| 005 | 20210215174316.0 | ||
| 008 | 700326s1970 nyuab 001 0 eng | ||
| 010 | _a 69010704 | ||
| 040 |
_aDLC _cDLC _dDLC |
||
| 050 | 0 | 0 |
_aDS211 _bB581L |
| 082 | 0 | 0 |
_a913.3/9/47 _bB581L |
| 100 | 1 | _aBibby, Geoffrey. | |
| 245 | 1 | 0 | _aLooking for Dilmun. |
| 250 | _a[1st ed.] | ||
| 260 |
_aNew York, _bKnopf, _c1969 [i.e. 1970] |
||
| 300 |
_aix, 383, vii p. _billus., maps. _c25 cm. |
||
| 350 | _a10.00 | ||
| 651 | 0 |
_aBahrain _xAntiquities. |
|
| 651 | 0 |
_aPersian Gulf Region _xAntiquities. |
|
| 906 |
_a7 _bcbc _corignew _du _encip _f19 _gy-gencatlg |
||
| 942 |
_2ddc _cBK |
||